Countries that Export the Most Liquor - Statistics

General Stats
  • This quiz has been taken 112 times
  • The average score is 16 of 20
Answer Stats
Rank Exports Answer % Correct
4 $6.2 billion United States of America
98%
2 $10.3 billion United Kingdom
97%
3 $8.2 billion Italy
94%
5 $4.7 billion Germany
93%
7 $3.7 billion Mexico
93%
6 $4.7 billion Spain
93%
13 $1.8 billion China
92%
8 $3.7 billion Netherlands
92%
18 $1.1 billion Brazil
91%
1 $16.2 billion France
91%
12 $1.8 billion Australia
85%
10 $2.3 billion Belgium
85%
19 $900.5 million Argentina
81%
14 $1.3 billion Portugal
81%
16 $1.2 billion Ireland
80%
20 $892.1 million Sweden
74%
11 $1.9 billion Chile
67%
15 $1.3 billion South Africa
63%
17 $1.2 billion New Zealand
58%
9 $2.7 billion Singapore
8%
No matching quizzes found
Score Distribution
Percent of People with Each Score
Percentile by Number Answered
Your Score History
You have not taken this quiz